| 000 | 00000nam##2200000za#4500 |
| 001 | 9.644156 |
| 003 | CaOODSP |
| 005 | 20210624224520 |
| 007 | cr ||||||||||| |
| 008 | 150407|2015||||xxc|||||o f|0| 0 fre|d |
| 020 | |a978-0-660-23184-6 |
| 040 | |aCaOODSP|bfre |
| 043 | |an-cn--- |
| 086 | 1 |aEm20-25/2015F-PDF |
| 110 | 1 |aCanada.|bEmploi et développement social Canada. |bDirection générale de la politique stratégique et de la recherche. |
| 245 | 10|aÉvaluation de la Subvention canadienne pour l'épargne-invalidité et du Bon canadien pour l'épargne-invalidité de 2008-2009 à 2011-2012 - Phase I : |h[ressource électronique]|brapport final |
| 260 | |aOttawa - Ontario : |bEmploi et Développement social Canada. |cLe 27 octobre 2014. |
| 300 | |a47p.|bfigure, graphique, références, tableaux |
| 590 | |a15-12|b2015-03-20 |
| 775 | 08|tEvaluation of the Canada Disability Savings Grant and Bond 2008-2009 to 2011-2012 - phase I : |w(CaOODSP)9.700259 |
| 856 | 40|ahttp://publications.gc.ca|qPDF|s988 Ko|uhttps://publications.gc.ca/collections/collection_2015/edsc-esdc/Em20-25-2015-fra.pdf |
| 986 | |aNo de cat. : SP-1087-01-15F |